000 00238nam a2200097 a 4500
005 20200930070459.0
008 110907s1709 000 spa d
245 0 _aVarios prodigios de amor.
260 _aBarcelona,
_c1709.
999 _c33226
_d33226
040 _aDO-SdBNP